000 nam a22 7a 4500
999 _c129770
_d129770
008 190903b xxu||||| |||| 00| 0 eng d
050 _aBT993.2.B3
100 _aBarr, Sydney O.
_947981
245 _aFrom the Apostles' Faith to the Apostles' Creed
_cO. Sydney Barr
260 _aNew York
_bOxford University Press
_c1964
300 _aviii, 223p. ;
_c21cm.
650 _aApostles' Creed
_94778
942 _2lcc
_cMONOGRAPH